[Event "1. OEsterreichische Internet Schach Meisterschaft - Vorrunde 3"]
[Site "Online - Playchess.com"]
[Date ""]
[Round "3"]
[Board "59"]
[White "Ploeckinger, Paul"]
[Black "Doujak, Gabriel Andreas"]
[Result "0-1"]
[WhiteElo "1334"]
[BlackElo "1980"]
[PlyCount "136"]
[EventDate "2020.04.17"]
[EventRounds "9"]
[EventCountry "AUT"]

1. c4 Nf6 2. Nc3 d5 3. cxd5 Nxd5 4. g3 g6 5. Bg2 c6 6. Nf3 Bg7 7. O-O O-O 8. Re1
Nd7 9. e4 Nxc3 10. bxc3 e5 11. d4 b6 12. Bb2 Bb7 13. Rb1 Re8 14. Qb3 Qc7 15. Rbd1
Rad8 16. d5 cxd5 17. exd5 Nc5 18. Qb4 Rxd5 19. Rxd5 Bxd5 20. c4 Bb7 21. Qd2 Rd8 22.
Qc2 e4 23. Nd2 f5 24. Bxg7 Qxg7 25. Rd1 Nd3 26. Nb3 Qe7 27. Bf1 Nc5 28. Rxd8+ Qxd8
29. Qb2 Nxb3 30. axb3 Qd6 31. Qa2 a5 32. Qa4 Qc6 33. Qxc6 Bxc6 34. Be2 Kf7 35. Kf1
Ke6 36. Ke1 Kd6 37. Kd2 Kc5 38. Kc3 b5 39. cxb5 Bxb5 40. Bd1 Bd3 41. h3 Bf1 42. h4
Bd3 43. f3 Bf1 44. fxe4 fxe4 45. Bg4 h6 46. Bd7 g5 47. Be6 Bd3 48. hxg5 hxg5 49.
Bf5 Kd6 50. g4 Ke5 51. Bg6 Kf4 52. Bf5 Be2 53. Kd4 e3 54. Be6 Bxg4 55. Bxg4 Kxg4
56. Kxe3 Kh3 57. Kd4 g4 58. Kc5 g3 59. b4 g2 60. b5 g1=Q+ 61. Kc6 Qb1 62. b6 a4 63.
b7 Qc2+ 64. Kb6 Qb3+ 65. Ka6 a3 66. b8=Q Qxb8 67. Ka5 a2 68. Ka4 a1=Q#  0-1

[Event "1. OEsterreichische Internet Schach Meisterschaft - Vorrunde 3"]
[Site "Online - Playchess.com"]
[Date ""]
[Round "3"]
[Board "60"]
[White "Kozissnik, Christian"]
[Black "Jeitler, Selina"]
[Result "1-0"]
[WhiteElo "2023"]
[BlackElo "1201"]
[PlyCount "59"]
[EventDate "2020.04.17"]
[EventRounds "9"]
[EventCountry "AUT"]

1. d4 d5 2. e3 e6 3. c4 Nf6 4. Nc3 c5 5. cxd5 exd5 6. Nf3 cxd4 7. Nxd4 Nc6 8. g3
Bg4 9. f3 Be6 10. Bg2 Bb4 11. O-O O-O 12. Kh1 Re8 13. a3 Ba5 14. Nxe6 fxe6 15. e4
d4 16. Ne2 e5 17. f4 Bb6 18. fxe5 Nxe5 19. Qb3+ Kh8 20. Bg5 d3 21. Nc3 Rf8 22. Nd5
Qd6 23. Rad1 Nxd5 24. exd5 Rac8 25. Bf4 Bd4 26. Bxe5 Bxe5 27. Rxf8+ Rxf8 28. Rxd3
Rf2 29. Re3 Rxb2 30. Qxb2  1-0

[Event "1. OEsterreichische Internet Schach Meisterschaft - Vorrunde 3"]
[Site "Online - Playchess.com"]
[Date ""]
[Round "3"]
[Board "61"]
[White "Nisavic, Uros"]
[Black "Gugler, Giorgio"]
[Result "1-0"]
[WhiteElo "2073"]
[BlackElo "1405"]
[PlyCount "57"]
[EventDate "2020.04.17"]
[EventRounds "9"]
[EventCountry "AUT"]

1. d4 d5 2. c4 c6 3. Nc3 Nf6 4. Nf3 Bf5 5. Bg5 h6 6. Bh4 Nbd7 7. e3 e6 8. Bd3 Be7
9. O-O O-O 10. Qe2 Ne4 11. Bg3 Nxg3 12. hxg3 Bxd3 13. Qxd3 f6 14. Nh4 dxc4 15. Qxc4
Qe8 16. Qxe6+ Kh7 17. Qf5+ g6 18. Qd3 f5 19. Nf3 Bd6 20. Rae1 Nf6 21. e4 fxe4 22.
Nxe4 Nxe4 23. Rxe4 Qf7 24. Rfe1 Qxa2 25. Re6 Rg8 26. Rxd6 Qxb2 27. Re7+ Rg7 28. Qxg6+
Kh8 29. Qxg7#  1-0

[Event "1. OEsterreichische Internet Schach Meisterschaft - Vorrunde 3"]
[Site "Online - Playchess.com"]
[Date ""]
[Round "3"]
[Board "62"]
[White "Rosol, Alexander"]
[Black "Horvath, Maria"]
[Result "1-0"]
[WhiteElo "1933"]
[BlackElo "1995"]
[PlyCount "51"]
[EventDate "2020.04.17"]
[EventRounds "9"]
[EventCountry "AUT"]

1. e4 e6 2. d4 d5 3. Nd2 Nf6 4. e5 Nfd7 5. Bd3 c5 6. c3 b6 7. Ne2 Ba6 8. Nf3 Bxd3
9. Qxd3 Nc6 10. O-O Be7 11. a3 O-O 12. Nf4 Rc8 13. Nh5 cxd4 14. cxd4 Na5 15. b3 Nc6
16. Bd2 Re8 17. g3 Nf8 18. h4 a5 19. Bg5 h6 20. Be3 Qd7 21. Nh2 Na7 22. Ng4 Ng6 23.
Bxh6 gxh6 24. Nxh6+ Kf8 25. Qf3 Nc6 26. Qxf7#  1-0

[Event "1. OEsterreichische Internet Schach Meisterschaft - Vorrunde 3"]
[Site "Online - Playchess.com"]
[Date ""]
[Round "3"]
[Board "63"]
[White "Reyhani, Adel"]
[Black "Tauber, Andreas"]
[Result "1-0"]
[WhiteElo "1918"]
[BlackElo "1972"]
[PlyCount "59"]
[EventDate "2020.04.17"]
[EventRounds "9"]
[EventCountry "AUT"]

1. e4 d6 2. d4 g6 3. Nc3 Bg7 4. Be3 Nf6 5. f3 Nbd7 6. Qd2 h5 7. h4 c5 8. dxc5 dxc5
9. Bc4 a6 10. a4 Qb6 11. a5 Qc7 12. Bf4 e5 13. Be3 O-O 14. Nd5 Nxd5 15. Bxd5 Nf6
16. c4 Rd8 17. Ne2 Be6 18. Nc3 b5 19. axb6 Qxb6 20. Na4 Qc7 21. Nxc5 Bxd5 22. cxd5
a5 23. O-O Bf8 24. Rfc1 Qe7 25. Bg5 Rd6 26. Rxa5 Rxa5 27. Qxa5 Rd8 28. b4 Rc8 29.
Qa6 Bg7 30. Qxc8+  1-0

[Event "1. OEsterreichische Internet Schach Meisterschaft - Vorrunde 3"]
[Site "Online - Playchess.com"]
[Date ""]
[Round "3"]
[Board "64"]
[White "Filek, Mattias"]
[Black "Goelles, Herbert"]
[Result "0-1"]
[WhiteElo "1932"]
[BlackElo "1705"]
[PlyCount "122"]
[EventDate "2020.04.17"]
[EventRounds "9"]
[EventCountry "AUT"]

1. e4 d6 2. d4 g6 3. Nc3 Bg7 4. h3 Nf6 5. Nf3 O-O 6. Be3 c6 7. Qd2 Qc7 8. O-O-O a5
9. Bh6 Na6 10. Bxg7 Kxg7 11. h4 h6 12. e5 Nd5 13. Nxd5 cxd5 14. h5 g5 15. a3 Rg8
16. Bd3 Be6 17. Rhf1 Kf8 18. Ng1 dxe5 19. dxe5 Qxe5 20. Rde1 Qf6 21. f4 g4 22. f5
Bd7 23. Ne2 Nc5 24. Nc3 Bc6 25. Bb5 Rd8 26. Qf2 d4 27. Bxc6 dxc3 28. Qxc5 cxb2+ 29.
Kb1 bxc6 30. Qc4 Rg5 31. Rd1 Rxd1+ 32. Rxd1 Rxf5 33. Qxg4 Rg5 34. Qe4 Kg7 35. Qe2
Qf5 36. Rf1 Qd7 37. Qc4 e6 38. Qc3+ e5 39. Qxb2 Rxh5 40. Rf3 Rg5 41. Qc3 f6 42. Rg3
Qd1+ 43. Kb2 Qd5 44. Rxg5+ hxg5 45. Qh3 Kg6 46. Qc8 Qb5+ 47. Ka2 Qc4+ 48. Kb2 Qd4+
49. Ka2 Qd5+ 50. Kb2 Qxg2 51. Qg8+ Kf5 52. Qc8+ Kf4 53. Qe6 f5 54. Qc4+ Qe4 55. Qf1+
Kg4 56. Qg1+ Kh5 57. Qh2+ Kg6 58. Qh8 Qd4+ 59. Ka2 Qd5+ 60. Kb2 f4 61. Qg8+ Qxg8
 0-1

[Event "1. OEsterreichische Internet Schach Meisterschaft - Vorrunde 3"]
[Site "Online - Playchess.com"]
[Date ""]
[Round "3"]
[Board "65"]
[White "Kreutzmann, Duke"]
[Black "Wilplinger, Hugo"]
[Result "1/2-1/2"]
[WhiteElo "2036"]
[BlackElo "1629"]
[PlyCount "52"]
[EventDate "2020.04.17"]
[EventRounds "9"]
[EventCountry "AUT"]

1. Nf3 d5 2. g3 Nc6 3. Bg2 e5 4. d3 Nf6 5. O-O Bd6 6. c4 dxc4 7. dxc4 O-O 8. Nc3
Be6 9. b3 Qe7 10. Bb2 Rad8 11. Qc2 Nb4 12. Qb1 a6 13. a3 Nc6 14. Qc2 Nd4 15. Nxd4
exd4 16. Nd5 Bxd5 17. cxd5 Be5 18. Rfd1 Nxd5 19. Bxd4 Bxd4 20. Rxd4 Nb6 21. Rxd8
Rxd8 22. Rd1 c6 23. a4 Rxd1+ 24. Qxd1 Qd7 25. Qxd7 Nxd7 26. b4 Kf8  1/2-1/2

[Event "1. OEsterreichische Internet Schach Meisterschaft - Vorrunde 3"]
[Site "Online - Playchess.com"]
[Date ""]
[Round "3"]
[Board "67"]
[White "Katter, Katharina"]
[Black "Andreatta, Ralph"]
[Result "1-0"]
[WhiteElo "1930"]
[BlackElo "1623"]
[PlyCount "56"]
[EventDate "2020.04.17"]
[EventRounds "9"]
[EventCountry "AUT"]

1. d4 d5 2. Nf3 e6 3. c4 Nf6 4. e3 b6 5. Nc3 Bb7 6. Qc2 Nbd7 7. b3 c5 8. Be2 dxc4
9. bxc4 cxd4 10. exd4 Bb4 11. O-O O-O 12. Bb2 Rc8 13. a3 Be7 14. Ne5 Bd6 15. Nb5
Bb8 16. Rad1 a6 17. Nc3 Qe7 18. f4 Qd6 19. Qd2 Ne4 20. Nxe4 Bxe4 21. Bd3 Bxd3 22.
Qxd3 Nf6 23. a4 Rfd8 24. Ba3 Qc7 25. Rc1 Rd7 26. Nxd7 Qxd7 27. d5 exd5 28. cxd5 Qxd5
 1-0

[Event "1. OEsterreichische Internet Schach Meisterschaft - Vorrunde 3"]
[Site "Online - Playchess.com"]
[Date ""]
[Round "3"]
[Board "68"]
[White "Astner, Klaus"]
[Black "Steirer, Gerhard"]
[Result "0-1"]
[WhiteElo "1409"]
[BlackElo "1854"]
[PlyCount "68"]
[EventDate "2020.04.17"]
[EventRounds "9"]
[EventCountry "AUT"]

1. d4 f5 2. c4 Nf6 3. Nc3 e6 4. Nf3 d5 5. Bg5 c6 6. e3 Bd6 7. c5 Bc7 8. a4 O-O 9.
Be2 Nbd7 10. O-O Qe8 11. b4 Ne4 12. Nxe4 fxe4 13. Ne5 Nxe5 14. dxe5 Bxe5 15. Bh4
Bxa1 16. Qxa1 Qg6 17. b5 Bd7 18. bxc6 Bxc6 19. a5 a6 20. Qd1 Rae8 21. Bh5 Qf5 22.
Bg4 Qf7 23. Bh5 g6 24. Bg4 Bd7 25. f4 e5 26. Bxd7 Qxd7 27. fxe5 Rxe5 28. Bf6 Rf5
29. Rxf5 Qxf5 30. Bh4 g5 31. Bg3 Kg7 32. Bd6 Qf2+ 33. Kh1 Qf1+ 34. Qxf1 Rxf1#  0-1

[Event "1. OEsterreichische Internet Schach Meisterschaft - Vorrunde 3"]
[Site "Online - Playchess.com"]
[Date ""]
[Round "3"]
[Board "70"]
[White "Schein, Alexander"]
[Black "Hofstadler, Mario"]
[Result "0-1"]
[WhiteElo "1631"]
[BlackElo "1867"]
[PlyCount "50"]
[EventDate "2020.04.17"]
[EventRounds "9"]
[EventCountry "AUT"]

1. e4 c6 2. d4 d5 3. Nc3 dxe4 4. Nxe4 Nd7 5. Nf3 Ngf6 6. Ng3 c5 7. Bc4 e6 8. Bg5
Be7 9. O-O O-O 10. Ne5 Qc7 11. Re1 Nb6 12. b3 Rd8 13. c3 Nxc4 14. Nxc4 cxd4 15. cxd4
Bd7 16. Rc1 Bc6 17. Ne5 Qd6 18. Nxc6 bxc6 19. Rc4 Rac8 20. Ne4 Nxe4 21. Bxe7 Qxe7
22. Rxe4 Qd6 23. Qc2 h6 24. Qc3 Qd5 25. Re5 Qxe5  0-1

[Event "1. OEsterreichische Internet Schach Meisterschaft - Vorrunde 3"]
[Site "Online - Playchess.com"]
[Date ""]
[Round "3"]
[Board "72"]
[White "Platzgummer, Fabian"]
[Black "Hessenberger, Andreas"]
[Result "1-0"]
[WhiteElo "2336"]
[BlackElo "2019"]
[PlyCount "25"]
[EventDate "2020.04.17"]
[EventRounds "9"]
[EventCountry "AUT"]

1. e4 c5 2. Nf3 Nc6 3. d4 cxd4 4. Nxd4 e5 5. Nb5 a6 6. Nd6+ Bxd6 7. Qxd6 Qe7 8. Qc7
Nf6 9. Nc3 O-O 10. Bg5 h6 11. Bxf6 Qxf6 12. Nd5 Qf5 13. exf5  1-0

[Event "1. OEsterreichische Internet Schach Meisterschaft - Vorrunde 3"]
[Site "Online - Playchess.com"]
[Date ""]
[Round "3"]
[Board "73"]
[White "Kern, Michael"]
[Black "Kaltenbeck, Dieter"]
[Result "1-0"]
[WhiteElo "1957"]
[BlackElo "1314"]
[PlyCount "47"]
[EventDate "2020.04.17"]
[EventRounds "9"]
[EventCountry "AUT"]

1. d4 Nf6 2. Bf4 e6 3. e3 c5 4. c3 g6 5. Nd2 Na6 6. Be2 Nc7 7. h4 Bg7 8. h5 O-O 9.
hxg6 fxg6 10. Ngf3 d5 11. Ne5 cxd4 12. exd4 Nd7 13. Bg3 Nxe5 14. dxe5 Bd7 15. Qc2
a5 16. O-O-O b5 17. Bd3 Rc8 18. Bxg6 hxg6 19. Qxg6 Be8 20. Qh7+ Kf7 21. Nf3 Bd7 22.
Bh4 Qe8 23. Ng5+ Ke7 24. Ne4+  1-0

[Event "1. OEsterreichische Internet Schach Meisterschaft - Vorrunde 3"]
[Site "Online - Playchess.com"]
[Date ""]
[Round "3"]
[Board "74"]
[White "Friedl, Markus"]
[Black "Fuchs, Georg"]
[Result "0-1"]
[WhiteElo "1824"]
[BlackElo "2211"]
[PlyCount "54"]
[EventDate "2020.04.17"]
[EventRounds "9"]
[EventCountry "AUT"]

1. e4 e5 2. Nf3 Nc6 3. Bc4 Nf6 4. d3 Be7 5. O-O O-O 6. h3 d5 7. exd5 Nxd5 8. a3 Nb6
9. Bb3 Kh8 10. Nc3 f5 11. Re1 Bf6 12. Bd2 Nd4 13. Nxd4 exd4 14. Ne2 c5 15. Nf4 Qd6
16. Ne6 Bxe6 17. Rxe6 Qd7 18. Qe1 Rae8 19. Re2 c4 20. dxc4 d3 21. cxd3 Bxb2 22. Rb1
Bxa3 23. Bc2 Rxe2 24. Qxe2 Re8 25. Qf3 Nxc4 26. Bc3 Nd6 27. Rxb7 Qxb7  0-1

[Event "1. OEsterreichische Internet Schach Meisterschaft - Vorrunde 3"]
[Site "Online - Playchess.com"]
[Date ""]
[Round "3"]
[Board "75"]
[White "Kessler, Manuel"]
[Black "Ragger, Anna-Christina"]
[Result "0-1"]
[WhiteElo "1731"]
[BlackElo "2204"]
[PlyCount "80"]
[EventDate "2020.04.17"]
[EventRounds "9"]
[EventCountry "AUT"]

1. d4 d5 2. c4 c6 3. cxd5 cxd5 4. Nc3 Nc6 5. Bf4 Nf6 6. e3 a6 7. Nf3 Bg4 8. Be2 e6
9. h3 Bxf3 10. Bxf3 Bd6 11. Bxd6 Qxd6 12. O-O O-O 13. Rc1 Rac8 14. a3 Na5 15. Be2
b5 16. b4 Nc4 17. Bxc4 Rxc4 18. Qd2 Rfc8 19. Ne2 R8c6 20. Rxc4 Rxc4 21. Rc1 Qc7 22.
Rxc4 dxc4 23. Nc3 Nd5 24. e4 Nxc3 25. Qxc3 Qf4 26. f3 Qg3 27. a4 h5 28. axb5 axb5
29. Kf1 g5 30. Qe1 Qf4 31. Ke2 g4 32. hxg4 hxg4 33. Qd2 gxf3+ 34. gxf3 Qg3 35. Qe3
Kf8 36. f4 Qg2+ 37. Qf2 Qxe4+ 38. Kd2 Qd3+ 39. Kc1 Qa3+ 40. Kc2 Qa2+  0-1

[Event "1. OEsterreichische Internet Schach Meisterschaft - Vorrunde 3"]
[Site "Online - Playchess.com"]
[Date ""]
[Round "3"]
[Board "76"]
[White "Poecksteiner, Johann"]
[Black "Schwabeneder, Alois"]
[Result "1-0"]
[WhiteElo "2155"]
[BlackElo "2004"]
[PlyCount "53"]
[EventDate "2020.04.17"]
[EventRounds "9"]
[EventCountry "AUT"]

1. d4 Nf6 2. Nf3 g6 3. Bf4 Bg7 4. Nc3 d6 5. Qd2 Nbd7 6. O-O-O c5 7. e4 a6 8. dxc5
Nxc5 9. e5 Nfe4 10. Nxe4 Nxe4 11. Qe3 Bf5 12. g4 Qa5 13. gxf5 gxf5 14. Kb1 Rc8 15.
Bd3 dxe5 16. Bh6 Bf6 17. Bxe4 fxe4 18. Qxe4 Qb6 19. Be3 Qc6 20. Qxc6+ Rxc6 21. Rhg1
e6 22. Bg5 Ke7 23. Bxf6+ Kxf6 24. Rge1 Rc5 25. Rd7 b5 26. Nd2 Rg8 27. Ne4+  1-0

[Event "1. OEsterreichische Internet Schach Meisterschaft - Vorrunde 3"]
[Site "Online - Playchess.com"]
[Date ""]
[Round "3"]
[Board "77"]
[White "Hatzl, Johannes"]
[Black "Werdecker, Roland"]
[Result "0-1"]
[WhiteElo "2131"]
[BlackElo "1960"]
[PlyCount "34"]
[EventDate "2020.04.17"]
[EventRounds "9"]
[EventCountry "AUT"]

1. d4 d5 2. Bf4 Bf5 3. Nf3 e6 4. c4 dxc4 5. Nc3 Bb4 6. a3 Bxc3+ 7. bxc3 b5 8. Nd2
Nf6 9. f3 Nd5 10. e4 Nxf4 11. exf5 exf5 12. g3 Qe7+ 13. Kf2 Nd5 14. Bh3 Qe3+ 15.
Kg2 O-O 16. Rc1 Qg5 17. Rf1 Ne3+  0-1

[Event "1. OEsterreichische Internet Schach Meisterschaft - Vorrunde 3"]
[Site "Online - Playchess.com"]
[Date ""]
[Round "3"]
[Board "78"]
[White "Mayrhuber, Nikola"]
[Black "Grafenberger, Dieter"]
[Result "1-0"]
[WhiteElo "2025"]
[BlackElo "1953"]
[PlyCount "85"]
[EventDate "2020.04.17"]
[EventRounds "9"]
[EventCountry "AUT"]

1. d4 Nf6 2. c4 c5 3. d5 b5 4. Nf3 b4 5. a3 bxa3 6. Rxa3 g6 7. Nc3 Bg7 8. e4 d6 9.
Be2 Nbd7 10. O-O O-O 11. Bf4 Nh5 12. Bg5 h6 13. Be3 Nhf6 14. h3 Ne8 15. Qd2 Kh7 16.
Rfa1 a6 17. Nh2 Nb6 18. b3 Nc7 19. Ng4 g5 20. h4 f6 21. f4 h5 22. Nf2 gxh4 23. Bxh5
f5 24. Rf1 Ne8 25. Nh3 Nf6 26. Ng5+ Kg8 27. e5 Nxh5 28. e6 Rf6 29. Bf2 Ng3 30. Re1
Qe8 31. Ne2 Qh5 32. Bxg3 hxg3 33. Nxg3 Qg4 34. Kf2 Bh6 35. Nh3 Rg6 36. b4 Qxg3+ 37.
Rxg3 Rxg3 38. Kxg3 Nxc4 39. Qe2 Nb6 40. Qh5 Bg7 41. Ng5 Bb7 42. Qf7+ Kh8 43. Rh1+
 1-0

[Event "1. OEsterreichische Internet Schach Meisterschaft - Vorrunde 3"]
[Site "Online - Playchess.com"]
[Date ""]
[Round "3"]
[Board "79"]
[White "Huber, Guenther"]
[Black "Wurzer, Gerhard"]
[Result "1-0"]
[WhiteElo "1979"]
[BlackElo "1889"]
[PlyCount "129"]
[EventDate "2020.04.17"]
[EventRounds "9"]
[EventCountry "AUT"]

1. c4 c6 2. g3 Qc7 3. Bg2 d6 4. e4 e5 5. Ne2 Nf6 6. O-O Be7 7. d3 Nbd7 8. Nbc3 Nf8
9. h3 Ng6 10. Be3 O-O 11. Rc1 Bd7 12. f4 exf4 13. gxf4 a5 14. Ng3 Qc8 15. Kh2 Nh4
16. Qd2 Nxg2 17. Qxg2 Kh8 18. f5 Qc7 19. Rg1 Rg8 20. d4 c5 21. Nd5 Nxd5 22. cxd5
b6 23. Qf3 f6 24. dxc5 dxc5 25. Bf4 Bd6 26. Ne2 Be5 27. b3 Qd6 28. Rg4 Raf8 29. Rcg1
Rf7 30. Kh1 g5 31. Bxe5 Qxe5 32. Qc3 Re8 33. Qxe5 Rxe5 34. h4 h6 35. hxg5 hxg5 36.
R1g2 Rh7+ 37. Kg1 Kg7 38. Ng3 Be8 39. Rh2 Rxh2 40. Kxh2 Bf7 41. Kg2 Kh6 42. Kf2 Bh5
43. Nxh5 Kxh5 44. Rg2 g4 45. Ke3 Kg5 46. Rd2 Re8 47. d6 Rd8 48. d7 b5 49. a3 c4 50.
bxc4 bxc4 51. Rd4 c3 52. Kd3 c2 53. Kxc2 Kf4 54. Kd2 Kf3 55. Ke1 g3 56. Kf1 Ke3 57.
Rd6 Kf3 58. e5 fxe5 59. f6 g2+ 60. Kg1 Rh8 61. Rd3+ Ke4 62. Rg3 Rd8 63. Rg7 Kf5 64.
f7 Rxd7 65. f8=Q+  1-0

[Event "1. OEsterreichische Internet Schach Meisterschaft - Vorrunde 3"]
[Site "Online - Playchess.com"]
[Date ""]
[Round "3"]
[Board "80"]
[White "Neubauer, Anton"]
[Black "Lammer, Michael"]
[Result "0-1"]
[WhiteElo "1879"]
[BlackElo "1501"]
[PlyCount "54"]
[EventDate "2020.04.17"]
[EventRounds "9"]
[EventCountry "AUT"]

1. e4 e5 2. Nf3 d6 3. Bc4 Bg4 4. h3 Bxf3 5. Qxf3 Nf6 6. d3 Nc6 7. a3 Nd4 8. Qd1 Qd7
9. c3 Ne6 10. O-O O-O-O 11. b4 h5 12. a4 h4 13. Be3 Nf4 14. Bxf4 exf4 15. Nd2 Kb8
16. Nf3 g5 17. Qb3 g4 18. Be6 fxe6 19. Nd4 e5 20. Nf5 gxh3 21. gxh3 d5 22. b5 Nxe4
23. dxe4 dxe4 24. Rad1 Bd6 25. Nxd6 Qxh3 26. Nxe4 f3 27. Ng3 Qg2#  0-1

[Event "1. OEsterreichische Internet Schach Meisterschaft - Vorrunde 3"]
[Site "Online - Playchess.com"]
[Date ""]
[Round "3"]
[Board "81"]
[White "Soelkner, Julian"]
[Black "Mostbauer, Maximilian"]
[Result "0-1"]
[WhiteElo "1484"]
[BlackElo "2217"]
[PlyCount "54"]
[EventDate "2020.04.17"]
[EventRounds "9"]
[EventCountry "AUT"]

1. e4 e6 2. Nf3 d5 3. exd5 exd5 4. d4 Nf6 5. Bd3 Bd6 6. O-O O-O 7. c3 h6 8. Bc2 c6
9. Re1 Bg4 10. Nbd2 Nbd7 11. Nf1 Qc7 12. Ng3 Rfe8 13. Be3 Ne4 14. Qd3 Ndf6 15. Re2
Re7 16. Rae1 Rae8 17. a4 a5 18. Bc1 b6 19. h3 Bxf3 20. Qxf3 Nxg3 21. Rxe7 Rxe7 22.
Rxe7 Qxe7 23. fxg3 Qe1+ 24. Qf1 Qxg3 25. Qf3 Qe1+ 26. Qf1 Bh2+ 27. Kxh2 Qxf1  0-1

[Event "1. OEsterreichische Internet Schach Meisterschaft - Vorrunde 3"]
[Site "Online - Playchess.com"]
[Date ""]
[Round "3"]
[Board "82"]
[White "Kranz, Armin"]
[Black "Mittelbach, Eduard"]
[Result "1-0"]
[WhiteElo "2119"]
[BlackElo "1667"]
[PlyCount "43"]
[EventDate "2020.04.17"]
[EventRounds "9"]
[EventCountry "AUT"]

1. d4 Nf6 2. Nf3 c5 3. d5 d6 4. c4 Bf5 5. Nc3 a6 6. Nd2 Nbd7 7. e4 Bg6 8. f4 h6 9.
Be2 Rb8 10. a4 Nb6 11. a5 Na8 12. O-O Nc7 13. e5 dxe5 14. fxe5 Nd7 15. Nf3 e6 16.
d6 Na8 17. Bf4 f6 18. Qd2 fxe5 19. Bxe5 Nxe5 20. Nxe5 Bf5 21. Rxf5 exf5 22. Bh5+
 1-0

[Event "1. OEsterreichische Internet Schach Meisterschaft - Vorrunde 3"]
[Site "Online - Playchess.com"]
[Date ""]
[Round "3"]
[Board "83"]
[White "Ticar, Clemens"]
[Black "Wischounig, Laurin"]
[Result "0-1"]
[WhiteElo "1753"]
[BlackElo "1878"]
[PlyCount "74"]
[EventDate "2020.04.17"]
[EventRounds "9"]
[EventCountry "AUT"]

1. Nf3 d5 2. c4 c6 3. e3 Nf6 4. d4 Bg4 5. b3 e6 6. Bb2 Nbd7 7. Nc3 Be7 8. Bd3 O-O
9. O-O a6 10. h3 Bh5 11. Rc1 b5 12. cxd5 cxd5 13. Ne5 Bxd1 14. Rfxd1 Nxe5 15. dxe5
Nd7 16. f4 Bc5 17. Re1 Qb6 18. Nd1 Rac8 19. Kh2 f6 20. e4 fxe5 21. exd5 exd5 22.
fxe5 Rce8 23. Bc2 d4 24. b4 Bxb4 25. Bb3+ Kh8 26. Re4 Bc5 27. e6 Nf6 28. Rh4 a5 29.
Nf2 a4 30. Bc2 Qxe6 31. Bb1 Bd6+ 32. g3 Qe2 33. Bxd4 Nh5 34. Bd3 Bxg3+ 35. Kg2 Rxf2+
36. Bxf2 Qxf2+ 37. Kh1 Qh2#  0-1

[Event "1. OEsterreichische Internet Schach Meisterschaft - Vorrunde 3"]
[Site "Online - Playchess.com"]
[Date ""]
[Round "3"]
[Board "84"]
[White "Schneider-Zinner, Werner"]
[Black "Kipman, Felix"]
[Result "1-0"]
[WhiteElo "1967"]
[BlackElo "1576"]
[PlyCount "59"]
[EventDate "2020.04.17"]
[EventRounds "9"]
[EventCountry "AUT"]

1. d4 d5 2. Nf3 Bg4 3. Bf4 e6 4. e3 Bd6 5. Bg3 Nf6 6. Be2 Ne4 7. O-O Nxg3 8. hxg3
c5 9. c3 c4 10. Nbd2 Nc6 11. e4 f6 12. b3 Na5 13. bxc4 Nxc4 14. Bxc4 dxc4 15. Qa4+
Kf7 16. Nxc4 Bxf3 17. gxf3 h5 18. Nxd6+ Qxd6 19. Qb4 Qc7 20. d5 exd5 21. exd5 Qe5
22. Qxb7+ Kg6 23. Rae1 Qxc3 24. d6 h4 25. Qe4+ Kf7 26. Qe7+ Kg8 27. Re3 Qc5 28. d7
Qxe7 29. Rxe7 Kf8 30. Rfe1  1-0

[Event "1. OEsterreichische Internet Schach Meisterschaft - Vorrunde 3"]
[Site "Online - Playchess.com"]
[Date ""]
[Round "3"]
[Board "85"]
[White "Haemmerle, Dietmar"]
[Black "Kainz, Josef"]
[Result "0-1"]
[WhiteElo "1762"]
[BlackElo "2005"]
[PlyCount "64"]
[EventDate "2020.04.17"]
[EventRounds "9"]
[EventCountry "AUT"]

1. Nf3 Nf6 2. c4 g6 3. Nc3 Bg7 4. d4 d5 5. cxd5 Nxd5 6. e4 Nxc3 7. bxc3 c5 8. e5
O-O 9. Be2 Nc6 10. O-O Qc7 11. Bf4 Rd8 12. Be3 Nxe5 13. Nxe5 Bxe5 14. Qe1 Bxh2+ 15.
Kh1 cxd4 16. cxd4 Bf4 17. Rc1 Qd6 18. Bxf4 Qxf4 19. Bf3 Qh4+ 20. Kg1 Rxd4 21. Qe3
Rd8 22. g3 Qf6 23. Rc7 Be6 24. Bxb7 Rab8 25. a4 a5 26. Bc6 Rd6 27. Bb5 Rc8 28. Ra7
Bd5 29. Qxe7 Qf3 30. Qxf7+ Bxf7 31. Kh2 Bd5 32. Rg1 Qh5#  0-1

[Event "1. OEsterreichische Internet Schach Meisterschaft - Vorrunde 3"]
[Site "Online - Playchess.com"]
[Date ""]
[Round "3"]
[Board "86"]
[White "Thummer, Philipp"]
[Black "Kepplinger, Lukas"]
[Result "0-1"]
[WhiteElo "1207"]
[BlackElo "2014"]
[PlyCount "146"]
[EventDate "2020.04.17"]
[EventRounds "9"]
[EventCountry "AUT"]

1. e4 c5 2. g3 Nc6 3. Bg2 g6 4. Ne2 Bg7 5. f4 d6 6. O-O Bg4 7. h3 Bxe2 8. Qxe2 Nd4
9. Qd1 Nf6 10. c3 Nc6 11. Qf3 O-O 12. d3 Rb8 13. Be3 e6 14. a3 Nd7 15. Nd2 Ne7 16.
Rae1 b5 17. d4 cxd4 18. cxd4 b4 19. Nc4 d5 20. Ne5 dxe4 21. Qxe4 Nf5 22. Bf2 bxa3
23. bxa3 Nf6 24. Qd3 Qc7 25. Rc1 Qa5 26. Rc5 Qa4 27. Rc4 Qa6 28. g4 Nd6 29. Rc3 Qxd3
30. Rxd3 Rb2 31. Nc6 Nb5 32. a4 Nd6 33. Nxa7 Nde4 34. d5 Nxf2 35. Rxf2 Rb1+ 36. Kh2
Nxd5 37. Bxd5 exd5 38. Rxd5 Ra8 39. Rd7 Ra1 40. Nc6 R1xa4 41. f5 R4a6 42. Ne7+ Kf8
43. Nd5 Be5+ 44. Kg2 Ra3 45. fxg6 Rg3+ 46. Kf1 Ra1+ 47. Ke2 Ra2+ 48. Kf1 Rxf2+ 49.
Kxf2 hxg6 50. Rd8+ Kg7 51. h4 Rxg4 52. Re8 Bd4+ 53. Kf3 Rxh4 54. Nf4 Bf6 55. Ng2
Ra4 56. Kg3 g5 57. Re3 Kg6 58. Kh3 Bd4 59. Rf3 f5 60. Rd3 Be5 61. Ne3 g4+ 62. Kg2
Kg5 63. Rd5 Re4 64. Nf1 Kf4 65. Rd8 Re2+ 66. Kh1 Kf3 67. Rd3+ Ke4 68. Rb3 f4 69.
Rb4+ Bd4 70. Rb3 g3 71. Rb4 g2+ 72. Kh2 g1=Q+ 73. Kh3 Qg3+  0-1

[Event "1. OEsterreichische Internet Schach Meisterschaft - Vorrunde 3"]
[Site "Online - Playchess.com"]
[Date ""]
[Round "3"]
[Board "87"]
[White "Staudacher, Karl-Heinz"]
[Black "Enne, Harald"]
[Result "0-1"]
[WhiteElo "1734"]
[BlackElo "1916"]
[PlyCount "86"]
[EventDate "2020.04.17"]
[EventRounds "9"]
[EventCountry "AUT"]

1. Nf3 d5 2. g3 Nf6 3. Bg2 c6 4. O-O h6 5. b3 Bf5 6. c4 e6 7. Bb2 Nbd7 8. d3 Bc5
9. h3 O-O 10. Nbd2 Re8 11. Rc1 Rc8 12. d4 Bd6 13. c5 Bb8 14. Nh4 Bh7 15. e4 dxe4
16. Qe2 g5 17. Bxe4 Nxe4 18. Nxe4 gxh4 19. Qg4+ Kh8 20. d5+ e5 21. d6 f5 22. Qh5
fxe4 23. Qxh6 Nxc5 24. Rxc5 Qxd6 25. Qe3 hxg3 26. fxg3 b6 27. Rc4 b5 28. Rxe4 Bxe4
29. Qxe4 Qh6 30. Bxe5+ Rxe5 31. Qxe5+ Bxe5 32. Rf5 Qe3+ 33. Rf2 Qxg3+ 34. Kf1 Qxh3+
35. Ke2 Qg4+ 36. Kf1 Rg8 37. Ke1 Qg1+ 38. Ke2 Qxf2+ 39. Kxf2 Bb2 40. Kf3 Rd8 41.
Ke4 Rd2 42. Kf5 Bc1 43. Ke6 Rxa2  0-1